| 000 | 00604nam a2200205Ia 4500 | ||
|---|---|---|---|
| 005 | 20240315103004.0 | ||
| 008 | 131103s9999 xx 000 0 und d | ||
| 040 | _aLoreto College | ||
| 041 | _aEnglish | ||
| 082 |
_a371.95 _bMAR |
||
| 100 | _aMartinson,Ruth A. | ||
| 245 |
_aCurriculum Enrichment For the Gifted in the Primary Grades, _cButh A.Martinson |
||
| 260 |
_aEnglewood Cliffs _bPrentice Hall _c1968 |
||
| 300 |
_ax,115 p. _b illus,tables |
||
| 504 | _aIncludes bibliography and index | ||
| 650 | _aSpecial Education | ||
| 651 | _aGifted Students | ||
| 850 | _aLCLIB | ||
| 942 | _cBK | ||
| 999 |
_c10421 _d60900 |
||